Juvenile delinquency: Theory, practice and law (8th edition) (Record no. 48539)
[ view plain ]
| 000 -LEADER | |
|---|---|
| fixed length control field | 00799nam a2200193 a 4500 |
| 008 - FIXED-LENGTH DATA ELEMENTS--GENERAL INFORMATION | |
| fixed length control field | 210309s2003 ||||||||||||||||| || u |
| 020 ## - INTERNATIONAL STANDARD BOOK NUMBER | |
| International Standard Book Number | 9780534578084 |
| 050 ## - LIBRARY OF CONGRESS CALL NUMBER | |
| Classification number | HV 9104 Sie |
| 100 ## - MAIN ENTRY--PERSONAL NAME | |
| Personal name | Siegel, Larry J |
| 245 10 - TITLE STATEMENT | |
| Title | Juvenile delinquency: Theory, practice and law (8th edition) |
| Statement of responsibility, etc. | By Larry J. Siegel; Brandon C. Welsh; Joseph J. Senna |
| 250 ## - EDITION STATEMENT | |
| Edition statement | 8th edition |
| 260 ## - PUBLICATION, DISTRIBUTION, ETC. | |
| Place of publication, distribution, etc. | Canada |
| Name of publisher, distributor, etc. | Thomson Wadsworth |
| Date of publication, distribution, etc. | 2003 |
| 300 ## - PHYSICAL DESCRIPTION | |
| Extent | xxiii, 565 pages: illustrations |
| 650 ## - SUBJECT ADDED ENTRY--TOPICAL TERM | |
| Topical term or geographic name entry element | JUVENILE JUSTICE, ADMINISTRATION OF--UNITED STATES |
| 650 ## - SUBJECT ADDED ENTRY--TOPICAL TERM | |
| Topical term or geographic name entry element | JUVENILE DELINQUENCY--UNITED STATES |
| 700 ## - ADDED ENTRY--PERSONAL NAME | |
| Personal name | Senna, Joseph J |
| 700 ## - ADDED ENTRY--PERSONAL NAME | |
| Personal name | Welsh, Brandon C |
| 995 ## - RECOMMENDATION 995 [LOCAL, UNIMARC FRANCE] | |
| -- | CBU-MAIN LIBRARY (Kitwe) |
| -- | 1 |
| -- | AVAILABLE |
| -- | Mar 31, 2021 |
| -- | Main Library Open Access Collection |
| Withdrawn status | Lost status | Source of classification or shelving scheme | Damaged status | Not for loan | Home library | Current library | Shelving location | Date acquired | Total Checkouts | Full call number | Barcode | Date last seen | Price effective from | Koha item type |
|---|---|---|---|---|---|---|---|---|---|---|---|---|---|---|
| CBU-MAIN LIBRARY, KITWE. | CBU-MAIN LIBRARY, KITWE. | 11/30/2022 | HV 9104 Sie | 750961 | 11/30/2022 | 11/30/2022 | MONOGRAPH |